000 00605nam a2200217 i 4500
001 bg
100 1 _aHEFLIK, Wiesław
_d(1932- )
245 1 0 _aMinerały Polski /
_cWiesław Heflik, Lucyna Natkaniec-Nowak.
260 _aKraków :
_b"Antykwa",
_c1998.
300 _a136, [2] s. :
_bfot. kolor., rys. ;
_c31 cm.
650 9 _aMinerały
_zPolska
655 _aAtlasy
700 1 _aNATKANIEC-NOWAK, Lucyna
_d(1952- )
020 _a8390917319
040 _cBPK
041 0 _apl
080 _a549:553(438)(084.4)
920 _a83-909173-1-9
942 _cKS
008 s pl f |000 0 pol
999 _c34730
_d34730
856 _uhttp://koha.tu.koszalin.pl/cgi-bin/koha/opac-detail.pl?biblionumber=34730
_yKatalog online BPK